| 000 | 01137 a2200241 4500 | ||
|---|---|---|---|
| 003 | NALT | ||
| 005 | 20260113110407.0 | ||
| 008 | 220610b th ||||| |||| 00| 0 tha d | ||
| 020 | _a9789740217640 | ||
| 040 | _aNALT | ||
| 050 |
_aJQ 1745.A5 _bส357บ 2564 |
||
| 100 | 0 |
_aสฤณี อาชวานันทกุล _915799 |
|
| 245 | 1 | 0 |
_aBehind the Illusion ระบอบลวงตา / _cสฤณี อาชวานันทกุล. |
| 250 | _aพิมพ์ครั้งแรก | ||
| 260 |
_aกรุงเทพฯ : _bมติชน, _c2564. |
||
| 300 |
_a374 หน้า ; _c21 ซม. |
||
| 650 | 4 |
_922235 _aรัฐบาล _zไทย _yสมัย พล.อ. ประยุทธ์ จันทร์โอชา, 2557- |
|
| 650 | 0 |
_aรัฐประหาร _zไทย _9197 |
|
| 651 | 4 |
_958240 _aไทย _xการเมืองและการปกครอง _y2557-2564 |
|
| 850 | _aNALT | ||
| 942 |
_2lcc _cGB |
||
| 998 |
_c103 _bphon _j1020 _k นางจำเรียง ระวังสำโรง |
||
| 999 |
_c100298 _d100298 |
||